<?xml version="1.0" encoding="UTF-8"?>
<record
    xmlns:xsi="http://www.w3.org/2001/XMLSchema-instance"
    xsi:schemaLocation="http://www.loc.gov/MARC21/slim http://www.loc.gov/standards/marcxml/schema/MARC21slim.xsd"
    xmlns="http://www.loc.gov/MARC21/slim">

  <leader>02148nam a2200313 u 4500</leader>
  <controlfield tag="001">000009106</controlfield>
  <controlfield tag="003">DO-SdBNP</controlfield>
  <controlfield tag="005">20251209122844.0</controlfield>
  <controlfield tag="008">090928s2000    dr c          000 0 spa d</controlfield>
  <datafield tag="020" ind1=" " ind2=" ">
    <subfield code="a">999348007X</subfield>
  </datafield>
  <datafield tag="040" ind1=" " ind2=" ">
    <subfield code="a">DO-SdBNP</subfield>
    <subfield code="b">spa</subfield>
    <subfield code="c">BNPHU</subfield>
  </datafield>
  <datafield tag="082" ind1=" " ind2="4">
    <subfield code="a">324.77293</subfield>
    <subfield code="b">C957c</subfield>
    <subfield code="2">22</subfield>
  </datafield>
  <datafield tag="100" ind1="1" ind2=" ">
    <subfield code="a"> Cruz Infante, Jos&#xE9; A., </subfield>
    <subfield code="q">(Jos&#xE9; Abigail)</subfield>
    <subfield code="9">2460</subfield>
  </datafield>
  <datafield tag="245" ind1="1" ind2="3">
    <subfield code="a">La campa&#xF1;a de Hip&#xF3;lito /</subfield>
    <subfield code="c">Jos&#xE9; Abigail Cruz Infante ; pr&#xF3;logo Dar&#xED;o Bencosme B&#xE1;ez.</subfield>
  </datafield>
  <datafield tag="260" ind1=" " ind2=" ">
    <subfield code="a">Santo Domingo :</subfield>
    <subfield code="b">Manat&#xED;,</subfield>
    <subfield code="c">2000.</subfield>
  </datafield>
  <datafield tag="300" ind1=" " ind2=" ">
    <subfield code="a">148 p. :</subfield>
    <subfield code="b">retrs. ;</subfield>
    <subfield code="c">21 cm.</subfield>
  </datafield>
  <datafield tag="505" ind1="0" ind2=" ">
    <subfield code="a">Pr&#xF3;logo --</subfield>
    <subfield code="t">El fen&#xF3;meno Milagros: un caso para an&#xE1;lisis -- </subfield>
    <subfield code="t">La agon&#xED;a del momento --</subfield>
    <subfield code="t">Que hacer para perder unas elecciones -- </subfield>
    <subfield code="t">El ciudadano de a pie y la campa&#xF1;a electoral -- </subfield>
    <subfield code="t">El porqu&#xE9; de una actitud iracunda --</subfield>
    <subfield code="t">La educaci&#xF3;n y la escuela que necesitamos -- </subfield>
    <subfield code="t">Un documento oportuno: pacto pol&#xED;tico electoral paname&#xF1;o --</subfield>
    <subfield code="t">A confesi&#xF3;n de parte... -- </subfield>
    <subfield code="t">Internet, software y propiedad intelectual --</subfield>
    <subfield code="t">Acuse de recibo -- </subfield>
    <subfield code="t">Rumores y realidades de la campan&#xF1;a 2000 -- </subfield>
    <subfield code="t">Una gran pregunta --</subfield>
    <subfield code="t">&#xA1;Ellos tomaron las ciudades! -- </subfield>
    <subfield code="t"> Detalles de una campa&#xF1;a electoral -- </subfield>
    <subfield code="t">Un duro ataque a la candidatura de Danilo--</subfield>
  </datafield>
  <datafield tag="505" ind1="0" ind2=" ">
    <subfield code="t">Del pichirri y otras sabrosuras --</subfield>
    <subfield code="t">A&#xF1;o nuevo: nuevos desaf&#xED;os, nuevas esperanzas --</subfield>
    <subfield code="t">Los reclamos de Moca y el bien com&#xFA;n -- </subfield>
    <subfield code="t">Caminando con Hip&#xF3;lito en su campa&#xF1;a --</subfield>
    <subfield code="t">El candidato y su propuesta de gobierno -- </subfield>
    <subfield code="t">La mujer en un gobierno de Hip&#xF3;lito Mej&#xED;a -- </subfield>
    <subfield code="t">Un tremendo candidato -- </subfield>
    <subfield code="t">Los hechos de Moca y la primera vuelta --</subfield>
    <subfield code="t">Un duro ataque a la candidatura de Danilo--</subfield>
    <subfield code="t">Presidente electo &#xBF;Y ahora?.</subfield>
  </datafield>
  <datafield tag="590" ind1=" " ind2=" ">
    <subfield code="a">Inventariado, 2019/MFF</subfield>
  </datafield>
  <datafield tag="600" ind1="1" ind2="0">
    <subfield code="a">Mej&#xED;a, Hip&#xF3;lito,</subfield>
    <subfield code="d">1941-</subfield>
    <subfield code="9">78920</subfield>
  </datafield>
  <datafield tag="650" ind1="1" ind2="0">
    <subfield code="a">Campa&#xF1;a electoral </subfield>
    <subfield code="z">Rep&#xFA;blica Dominicana</subfield>
    <subfield code="y">2000</subfield>
    <subfield code="9">46157</subfield>
  </datafield>
  <datafield tag="650" ind1="1" ind2="4">
    <subfield code="a">Propaganda electoral</subfield>
    <subfield code="y">2000</subfield>
    <subfield code="9">23757</subfield>
  </datafield>
  <datafield tag="650" ind1="1" ind2="0">
    <subfield code="a">Presidentes</subfield>
    <subfield code="z">Rep&#xFA;blica Dominicana</subfield>
    <subfield code="y">2000</subfield>
    <subfield code="9">84055</subfield>
  </datafield>
  <datafield tag="650" ind1="1" ind2="0">
    <subfield code="a">Elecciones</subfield>
    <subfield code="z">Rep&#xFA;blica Dominicana</subfield>
    <subfield code="y">2000</subfield>
    <subfield code="9">6411</subfield>
  </datafield>
  <datafield tag="651" ind1="1" ind2="4">
    <subfield code="a">Rep&#xFA;blica Dominicana</subfield>
    <subfield code="x">Pol&#xED;tica y gobierno</subfield>
    <subfield code="y">2000</subfield>
    <subfield code="9">23759</subfield>
  </datafield>
  <datafield tag="700" ind1="1" ind2="2">
    <subfield code="a">Bencosme B&#xE1;ez, Dar&#xED;o,</subfield>
    <subfield code="e">pr&#xF3;logo</subfield>
    <subfield code="9">7058</subfield>
  </datafield>
  <datafield tag="910" ind1=" " ind2=" ">
    <subfield code="a">Validado. Control de calidad MFF</subfield>
  </datafield>
  <datafield tag="942" ind1=" " ind2=" ">
    <subfield code="2">ddc</subfield>
    <subfield code="c">LBS1</subfield>
  </datafield>
  <datafield tag="952" ind1=" " ind2=" ">
    <subfield code="0">0</subfield>
    <subfield code="1">0</subfield>
    <subfield code="2">ddc</subfield>
    <subfield code="5">1</subfield>
    <subfield code="7">0</subfield>
    <subfield code="8">PD</subfield>
    <subfield code="a">BNPHU</subfield>
    <subfield code="b">PD</subfield>
    <subfield code="c">HD</subfield>
    <subfield code="d">2009-09-28</subfield>
    <subfield code="l">0</subfield>
    <subfield code="o">BNPHU PD 324.77293 C957c</subfield>
    <subfield code="p">9106-10</subfield>
    <subfield code="r">2020-06-25</subfield>
    <subfield code="w">2020-06-25</subfield>
    <subfield code="y">LFPD</subfield>
  </datafield>
  <datafield tag="952" ind1=" " ind2=" ">
    <subfield code="0">0</subfield>
    <subfield code="1">0</subfield>
    <subfield code="2">ddc</subfield>
    <subfield code="5">1</subfield>
    <subfield code="7">0</subfield>
    <subfield code="8">PD</subfield>
    <subfield code="a">BNPHU</subfield>
    <subfield code="b">PD</subfield>
    <subfield code="c">HD</subfield>
    <subfield code="d">2015-02-05</subfield>
    <subfield code="l">0</subfield>
    <subfield code="o">BNPHU PD 324.77293 C957c</subfield>
    <subfield code="p">9106-20</subfield>
    <subfield code="r">2020-06-25</subfield>
    <subfield code="t">e.2</subfield>
    <subfield code="w">2020-06-25</subfield>
    <subfield code="y">LFPD</subfield>
  </datafield>
  <datafield tag="952" ind1=" " ind2=" ">
    <subfield code="0">0</subfield>
    <subfield code="1">0</subfield>
    <subfield code="2">ddc</subfield>
    <subfield code="5">6</subfield>
    <subfield code="7">0</subfield>
    <subfield code="8">DS</subfield>
    <subfield code="a">BNPHU</subfield>
    <subfield code="b">DO</subfield>
    <subfield code="c">HD</subfield>
    <subfield code="d">2020-10-09</subfield>
    <subfield code="e">Donado por Luciano M. P.</subfield>
    <subfield code="l">0</subfield>
    <subfield code="o">BNPHU DS 324.77293 C957c</subfield>
    <subfield code="p">2021-27423</subfield>
    <subfield code="r">2020-10-09</subfield>
    <subfield code="t">e.3</subfield>
    <subfield code="w">2020-10-09</subfield>
    <subfield code="y">LFDS</subfield>
  </datafield>
  <datafield tag="999" ind1=" " ind2=" ">
    <subfield code="c">8870</subfield>
    <subfield code="d">8870</subfield>
  </datafield>
</record>
